000 01258cab a22002175a 4500
001 L158121
008 140709e2014 xxk 000 0 eng d
035 _a(Sirsi) u158121
041 0 _aeng
245 0 0 _aConsumer contracts
_bChanges to terms of business and agents' process
260 _c2014
490 _aLetting Update Journal
_vJuly 2014, 13-15(3)
590 _aThe Consumer Contracts (Information, Cancellation and Additional Charges) Regulations 2013 which came into force on 13 June 2014 require lettings agents to update their terms of business in relation to fees and contract terms. The 2013 Regulations replace the Consumer Protection (Distance Selling) Regulations 2000 and the Cancellation of Contracts made in a Consumer's Home or Place of Work etc Regulations 2008. Gives some practical examples of where problems could emerge.
650 2 4 _aCONSUMER CONTRACTS (INFORMATION, CANCELLATION AND ADDITIONAL CHARGES) REGULATION 2013
650 2 4 _aCONSUMER PROTECTION (DISTANCE SELLING) REGULATIONS 2000
650 2 4 _aCANCELLATION OF CONTRACTS MADE IN A CONSUMER'S HOME OR PLACE OF WORK ETC REGULATIONS 2008
651 4 _aEngland and Wales
_y1543-
690 _aLeasing and letting
690 _aResidential property
_96266
942 _n0
999 _c84518
_d84518